Mapa de Metrovalencia - Estadísticas

Estadísticas generales
  • Esta prueba ha sido intentada 237 veces
  • La puntuación promedio es 78 de 143
Respuestas en el mapa
Las respuestas están codificadas por una escala verde-roja en el mapa de la prueba según el % correcto abajo.
 
Estadísticas de respuestas
Respuesta % Correcto
Aeroport
93%
Colón
93%
Marítim
92%
Xàtiva
91%
Àngel Guimerà
90%
Benimaclet
89%
Torrent
89%
Alacant
88%
Alameda
86%
Alboraia Peris Aragó
84%
Aragó
84%
Empalme
83%
Amistat
82%
Jesús
82%
Llíria
81%
Mislata
80%
Mislata Almassil
80%
Burjassot-Godella
78%
Torrent Avinguda
77%
Ayora
76%
Bétera
76%
Plaça Espanya
76%
Campanar
75%
Castelló
75%
Natzaret
75%
Nou d'Octubre
75%
Patraix
75%
Alboraia Palmaret
74%
Paiporta
74%
Rafelbunyol
74%
Avinguda del Cid
73%
Burjassot
73%
Pont de Fusta
72%
Túria
71%
València Sud
71%
Reus
70%
Dr. Lluch
69%
Godella
69%
Quart de Poblet
68%
Russafa
68%
Beniferri
67%
Manises
67%
Neptú
67%
Roses
67%
Picanya
66%
Tarongers Ernest Lluch
66%
Machado
65%
Paterna
65%
Safranar
65%
U. Politècnica
65%
La Carrasca
64%
Facultats Manuel Broseta
62%
V. Zaragozá
62%
Picassent
61%
Riba-Roja de Túria
60%
Seminari-CEU
60%
Oceanogràfic
59%
Sant Isidre
59%
Ciutat Arts i Ciències-Justícia
58%
Marxalenes
58%
Mas del Rosari
58%
Sagunt
58%
Tossal del Rei
58%
À Punt
57%
V. A. Estellés
56%
Benicalap
55%
Beteró
55%
Fira València
55%
Moncada-Alfara
55%
Quatre Carreres
55%
Salt de l'Aigua
55%
Benaguasil
54%
Foios
54%
Cabanyal
53%
La Granja
53%
Massamagrell
53%
Benimàmet
51%
Faitanar
51%
La Coma
51%
Meliana
50%
Estadi Ciutat de València
49%
La Pobla de Farnals
49%
L'Eliana
49%
Trinitat
49%
Almàssera
48%
Campus
48%
La Cadena
48%
Orriols
48%
Palau de Congressos
48%
Platja Malva-rosa
48%
Rocafort
48%
Platja les Arenes
47%
Florista
46%
Carlet
45%
Alberic
44%
Alginet
44%
L'Alcúdia
43%
Museros
43%
Sant Joan
43%
Lloma Llarga Terramelar
42%
Massarrojos
42%
Cantereria
41%
Garbí
41%
La Canyada
41%
Col.legi el Vedat
40%
Trànsits
40%
Albalat dels Sorells
39%
Parc Científic
38%
Alfauir
37%
Ausiàs March
37%
Masies
37%
La Cova
36%
La Pobla de Vallbona
36%
Moreres
36%
Amado Granell Montolivet
35%
Benimodo
35%
Campament
35%
Francesc Cubells
35%
Les Carolines-Fira
35%
Sant Miquel dels Reis
35%
Fuente del Jarro
34%
Omet
34%
Massalavés
33%
València la Vella
33%
Fondo de Benaguasil
32%
Canyamelar
31%
Grau La Marina
31%
El Clot
30%
Horta Vella
30%
Santa Rita
30%
La Presa
29%
Entrepins
28%
Tomás y Valiente
28%
Espioca
27%
Gallipont-Torre del Virrei
25%
La Vallesa
25%
Masia de Traver
25%
Montortal
25%
Sant Ramon
25%
Font Almaguer
23%
Montesol
23%
Realón
23%
Font del Barranc
14%
No se encontraron pruebas coincidentes
Distribución de puntuación
Porcentaje de gente con cada puntuación
Porcentaje por número respondido
Historial de tus puntuaciones
No has intentado esta prueba.